000 00311nam a2200121Ia 4500
008 220216s9999 xx 000 0 und d
100 _aThomas V
245 0 _aOnnam vayasil pidichu kettuka: Rubber nervazhikkakum
260 _bMalayala Manorama
_c2010
650 _aRubber
856 _uNews Paper
942 _cJS
999 _c64391
_d64391